Detektív junior: Záhadné prípady pre zvedavé deti /
DO ELITNÉHO KLUBU DETEKTÍVOV SA DOSTANEŠ LEN S POZVÁNKOU OD SAMOTNÉHO DEDUKTÍVA LOGIKA... Ako získajú títo štyria mladí pátrači odznak detektíva? Hekerka Olivia Drsniačka Jake Mudrlant Julius A svetový mačací detektív Pomôž im chytiť podliakov v sérii záhadných prípadov! Štyridsať záhad plných šifie...
Uloženo v:
| Hlavní autor: | |
|---|---|
| Médium: | E-kniha |
| Jazyk: | Czech |
| Vydáno: |
Praha :
Albatros Media Slovakia s.r.o.,
2025
|
| Tagy: |
Žádné tagy |
| LEADER | 01455nam a22002297i 4500 | ||
|---|---|---|---|
| 001 | 302728 | ||
| 007 | ta | ||
| 008 | 260514s2025 xr ||||| |||| 00| 0 cze d | ||
| 020 | |a 9788056649275 | ||
| 044 | |a xr | ||
| 100 | 1 | |a Karber, G.T. |4 aut | |
| 245 | 1 | 0 | |a Detektív junior: Záhadné prípady pre zvedavé deti / |c Karber, G.T. |
| 240 | 1 | 0 | |a Murdle Jr.: Curious Crimes for Curious Minds |
| 264 | 1 | |a Praha : |b Albatros Media Slovakia s.r.o., |c 2025 | |
| 300 | |a 1 online zdroj (240 stran) | ||
| 336 | |a text |b txt |2 rdacontent | ||
| 337 | |a bez média |b n |2 rdamedia | ||
| 338 | |a online zdroj |b cr |2 rdacarrier | ||
| 520 | 2 | |a DO ELITNÉHO KLUBU DETEKTÍVOV SA DOSTANEŠ LEN S POZVÁNKOU OD SAMOTNÉHO DEDUKTÍVA LOGIKA... Ako získajú títo štyria mladí pátrači odznak detektíva? Hekerka Olivia Drsniačka Jake Mudrlant Julius A svetový mačací detektív Pomôž im chytiť podliakov v sérii záhadných prípadov! Štyridsať záhad plných šifier, bludísk, tipov a spoľahlivých dedukčných mriežok, ktoré preveria tvoj detektívny talent a schopnosť nájsť páchateľa! | |
| 910 | |a RBIT002 | ||
| 998 | |d 426985 |a https://core.palmknihy.cz/api/books/426985/cover?tesgid |b https://core.palmknihy.cz/api/books/426985/cover/400?tesgid |c https://core.palmknihy.cz/api/books/426985/cover/50?tesgid |e 2030-04-30 |g 240 |i 9788056649275 |k https://core.palmknihy.cz/api/books/426985/preview.pdf |l |q 49 |r 1 |s https://www.palmknihy.cz/kniha/426985 |t ebook |y 2025 |z 1 | ||
| 999 | |d 302726 | ||